Océano color. Diccionario enciclopédico universal : (Registro nro. 211)

Detalles MARC
000 -Cabecera
Campo de control interno 00846nam a2200229Ia 4500
005 - Fecha y hora del registro
control field 20251203123019.0
008 - Elementos de Longitud Fija
fixed length control field 251203t1993||||xx |||||||||||||| ||spa||
020 ## - ISBN
ISBN 8477647935
041 ## - Idioma
Codigo Idioma ESP
082 ## - DEWEY y NOTACIÓN INTERNA
Dewey RDE 463
Notación Interna O28
110 ## - AUTOR INSTTITUCIONAL
Autor Institucional Editorial Océano
245 #0 - TÍTULO DE MATERIAL BIBLIOGRÁFICO
Título Océano color. Diccionario enciclopédico universal :
Título paralelo Volúmenes 1-6
260 ## - CIUDAD, EDITORIAL, AÑO
Ciudad Barcelona :
Nombre de la Editorial Ediciones Océano,
Año 1993
300 ## - DESCRIPCIÓN
N° Páginas Páginas sin numerar :
Otros detalles ilustraciones ;
Dimensiones 27 cm.
Material Adicional
440 ## - MENCIÓN DE SERIE
Título de la Serie
Número de Serie
Volumen de Serie
505 ## - TABLA DE CONTENIDO
Tabla de Contenido Contiene: Volumen 1: A-Casamiento; Volumen 2: Casampulga-Escombrera; Volumen 3: Escómbrido-Jurado; Volumen 4: Jurador-Parmeliáceo; Volumen 5: Parménides-Semantema; Volumen 6: Semántica-Zworikin-Apéndices-Atlas mundial
650 ## - TEMAS
Temas Lenguas
653 ## - DESCRIPTORES
Lenguajes no controlado Diccionarios del español
654 ## - PROGRAMAS
Programa Todos los programas
942 ## - ELEMENTOS DE KOHA
Tipo de documento Diccionario
Nombre del creador Justo Noguera
Código de catalogador Tania Ramirez
Esquema de clasificación Dewey Decimal Classification
Suppress in OPAC
Existencias
Codigo completo Registro Colección Copia número Disponibilidad Tipo de préstamo Biblioteca Actual Procedencia (Biblioteca) Ubicacón Fecha Ingreso Tipo de Adquisición Date last seen Total checkouts Price effective from Tipo de Item Estado del Material Fuente de Clasificación Damaged status Withdrawn status
RDE 463 O28 1085080 Colección Vera Bejar 1   Restringido Víctor Andrés Belaunde Víctor Andrés Belaunde Planta baja cerrada 03/10/2025 Donación 03/12/2025   03/12/2025 Diccionario Bueno Dewey Decimal Classification   Withdrawn